000 00676nam a2200229Ia 4500
003 GCL
005 20240530095408.0
008 140319s9999 xx 000 0 ara d
020 _a6358002977
040 _aGCL /
_cGCL
082 0 4 _a813.02
_bط/ك ح
100 1 _aكامل كيلانى
245 1 0 _aغزالة الوادى /
_cكامل كيلانى
260 _aالقاهرة :
_bدار المعارف ،
_c0
300 _a ؛
_c20 سم
490 _aحكايات الاطفال
_v0
650 0 4 _aالقصص القصيرة
650 0 4 _aقصص الاطفال
650 0 4 _aالقصص الفكاهية
650 0 4 _aالحيوانات - قصص
942 _2ddc
_cBK
999 _c6815
_d6815